[Event "Portugal Open 2020"]
[Site "Lisboa POR"]
[Date "2020.01.29"]
[Round "6.7"]
[White "GRIGORYAN, Karen H."]
[Black "PLICHTA, Kamil"]
[Result "1-0"]
[BlackElo "2353"]
[WhiteElo "2632"]
[LiveChessVersion "1.4.8"]

1. d4 {[%clk 1:30:48]} Nf6 {[%clk 1:30:32]} 2. c4 {[%clk 1:28:45]} g6
{[%clk 1:30:56]} 3. Nc3 {[%clk 1:29:00]} Bg7 {[%clk 1:31:21]} 4. e4
{[%clk 1:29:23]} d6 {[%clk 1:31:46]} 5. Nf3 {[%clk 1:29:37]} O-O {[%clk 1:32:09]}
6. Be2 {[%clk 1:30:04]} e5 {[%clk 1:32:34]} 7. d5 {[%clk 1:30:30]} a5
{[%clk 1:32:58]} 8. Bg5 {[%clk 1:30:53]} h6 {[%clk 1:33:24]} 9. Be3
{[%clk 1:27:37]} Ng4 {[%clk 1:33:48]} 10. Bd2 {[%clk 1:27:59]} f5
{[%clk 1:34:13]} 11. exf5 {[%clk 1:28:10]} gxf5 {[%clk 1:34:37]} 12. h3
{[%clk 1:28:19]} Nf6 {[%clk 1:35:02]} 13. Qc1 {[%clk 1:28:22]} f4
{[%clk 1:35:27]} 14. g3 {[%clk 1:27:37]} e4 {[%clk 1:35:51]} 15. Nh4
{[%clk 1:21:39]} e3 {[%clk 1:35:36]} 16. fxe3 {[%clk 1:17:18]} fxg3
{[%clk 1:36:01]} 17. Ng6 {[%clk 1:14:02]} Re8 {[%clk 1:36:26]} 18. Qc2
{[%clk 1:09:54]} Na6 {[%clk 1:31:03]} 19. Nf4 {[%clk 1:07:15]} Nc5
{[%clk 1:20:49]} 20. Qg6 {[%clk 1:06:02]} Re5 {[%clk 1:19:32]} 21. h4
{[%clk 0:58:44]} Bf5 22. Qxg3 {[%clk 0:53:34]} Nce4 {[%clk 1:09:50]} 23. Nxe4
{[%clk 0:53:30]} Nxe4 {[%clk 1:10:06]} 24. Qg2 {[%clk 0:52:46]} Nxd2
{[%clk 1:03:49]} 25. Rg1 {[%clk 0:36:17]} Nf3+ {[%clk 0:57:29]} 26. Qxf3
{[%clk 0:32:10]} Qxh4+ {[%clk 0:55:46]} 27. Kd2 {[%clk 0:31:14]} Re7
{[%clk 0:41:55]} 28. Nh5 {[%clk 0:30:00]} Rf8 {[%clk 0:38:54]} 29. Raf1
{[%clk 0:24:31]} Qe4 {[%clk 0:35:54]} 30. Qxe4 {[%clk 0:24:01]} Bxe4
{[%clk 0:36:18]} 31. Rxf8+ {[%clk 0:23:39]} Kxf8 {[%clk 0:36:40]} 32. Nf4
{[%clk 0:19:58]} Bxb2 {[%clk 0:26:32]} 33. Ne6+ {[%clk 0:19:58]} Kf7
{[%clk 0:26:56]} 34. Bh5+ {[%clk 0:18:55]} Kf6 35. Rf1+ Ke5 {[%clk 0:26:32]} 36.
Nd8 {[%clk 0:18:47]} c6 {[%clk 0:23:00]} 37. Nf7+ {[%clk 0:16:05]} Rxf7
{[%clk 0:23:21]} 38. Bxf7 {[%clk 0:15:56]} cxd5 {[%clk 0:19:21]} 39. Bxd5
{[%clk 0:15:58]} Bxd5 {[%clk 0:19:45]} 40. cxd5 {[%clk 0:16:23]} Ba3
{[%clk 0:18:38]} 41. Kd3 {[%clk 0:16:26]} Kxd5 {[%clk 0:18:39]} 42. Rf5+
{[%clk 0:16:51]} Ke6 {[%clk 0:18:55]} 43. Rxa5 {[%clk 0:16:02]} Bc5
{[%clk 0:19:19]} 44. Ke4 {[%clk 0:15:11]} b6 {[%clk 0:18:08]} 45. Ra7
{[%clk 0:14:55]} Kf6 {[%clk 0:18:29]} 46. Kf4 {[%clk 0:14:29]} Bb4
{[%clk 0:18:05]} 47. Rb7 {[%clk 0:14:25]} Bc5 {[%clk 0:18:30]} 48. e4
{[%clk 0:13:42]} Bd4 {[%clk 0:17:12]} 49. Ra7 {[%clk 0:12:26]} Bc5
{[%clk 0:17:14]} 50. Ra8 {[%clk 0:12:14]} Bb4 {[%clk 0:15:15]} 51. Rf8+
{[%clk 0:12:22]} Ke6 {[%clk 0:15:12]} 52. Rb8 {[%clk 0:12:12]} Bd2+
{[%clk 0:15:02]} 53. Kf3 {[%clk 0:12:33]} Ba5 {[%clk 0:15:13]} 54. Rh8
{[%clk 0:12:48]} Bd2 {[%clk 0:15:15]} 55. Ke2 {[%clk 0:13:13]} Bf4
{[%clk 0:13:22]} 56. Rb8 {[%clk 0:12:52]} d5 {[%clk 0:12:46]} 57. Rxb6+
{[%clk 0:12:39]} Bd6 {[%clk 0:12:43]} 58. a4 {[%clk 0:12:57]} dxe4
{[%clk 0:13:01]} 59. a5 {[%clk 0:13:23]} Kd7 {[%clk 0:13:14]} 60. a6
{[%clk 0:13:47]} Bc5 {[%clk 0:13:13]} 61. Rb5 {[%clk 0:13:53]} Bg1
{[%clk 0:13:25]} 1-0

[Event "Portugal Open 2020"]
[Site "Lisboa POR"]
[Date "2020.01.29"]
[Round "6.25"]
[White "FERNANDES, Joao Pedro"]
[Black "STELLA, Andrea"]
[Result "0-1"]
[BlackElo "2465"]
[WhiteElo "2099"]
[LiveChessVersion "1.4.8"]

1. e4 {[%clk 1:30:57]} c5 {[%clk 1:30:11]} 2. Nf3 {[%clk 1:31:15]} e6
{[%clk 1:30:13]} 3. d4 {[%clk 1:31:38]} cxd4 {[%clk 1:30:31]} 4. Nxd4
{[%clk 1:32:00]} Nc6 {[%clk 1:30:47]} 5. Nc3 {[%clk 1:32:18]} Qc7
{[%clk 1:31:05]} 6. f4 {[%clk 1:32:23]} Nxd4 {[%clk 1:30:43]} 7. Qxd4
{[%clk 1:32:44]} b6 {[%clk 1:31:10]} 8. Be3 {[%clk 1:31:10]} Bb7 {[%clk 1:30:36]}
9. Be2 {[%clk 1:26:07]} Nf6 {[%clk 1:19:07]} 10. Bf3 {[%clk 1:20:29]} Bc5
{[%clk 0:54:13]} 11. Qd3 {[%clk 1:11:42]} Bb4 {[%clk 0:29:30]} 12. O-O
{[%clk 1:04:57]} Bxc3 {[%clk 0:29:13]} 13. bxc3 {[%clk 1:05:19]} d5
{[%clk 0:26:16]} 14. exd5 {[%clk 0:58:21]} Nxd5 {[%clk 0:13:02]} 15. f5
{[%clk 0:46:46]} O-O-O {[%clk 0:13:19]} 16. fxe6 {[%clk 0:37:46]} fxe6
{[%clk 0:13:01]} 17. Bg5 {[%clk 0:29:40]} Rd7 {[%clk 0:11:05]} 18. Rad1
{[%clk 0:21:44]} Qc5+ {[%clk 0:01:20]} 19. Kh1 {[%clk 0:21:46]} Nf6
{[%clk 0:01:40]} 20. Bxb7+ {[%clk 0:21:03]} Kxb7 {[%clk 0:02:09]} 21. Qf3+
{[%clk 0:17:14]} Nd5 {[%clk 0:02:38]} 22. Qe4 {[%clk 0:14:34]} Qxc3
{[%clk 0:01:05]} 23. Qxe6 {[%clk 0:13:14]} Qc6 {[%clk 0:01:34]} 24. Qe4
{[%clk 0:09:37]} h6 {[%clk 0:00:47]} 25. Bh4 {[%clk 0:01:37]} g5 {[%clk 0:00:47]}
26. Bg3 {[%clk 0:01:53]} Rhd8 {[%clk 0:01:02]} 27. c4 {[%clk 0:01:20]} Nf4
{[%clk 0:01:03]} 28. Rxd7+ {[%clk 0:00:44]} Rxd7 {[%clk 0:01:31]} 29. Qxc6+
{[%clk 0:00:41]} Kxc6 {[%clk 0:02:00]} 30. h4 {[%clk 0:00:37]} Rd4
{[%clk 0:02:06]} 31. hxg5 {[%clk 0:00:52]} hxg5 {[%clk 0:02:34]} 32. Bxf4
{[%clk 0:00:54]} gxf4 {[%clk 0:02:57]} 33. Kh2 {[%clk 0:00:59]} Rxc4
{[%clk 0:02:53]} 34. Rf2 {[%clk 0:01:15]} b5 {[%clk 0:02:00]} 35. Kh3
{[%clk 0:01:30]} a5 {[%clk 0:02:25]} 36. Kg4 {[%clk 0:01:28]} b4 {[%clk 0:02:48]}
37. Kf5 {[%clk 0:00:57]} a4 {[%clk 0:01:17]} 38. Ke5 {[%clk 0:00:58]} b3
{[%clk 0:01:10]} 39. axb3 {[%clk 0:01:24]} axb3 {[%clk 0:01:39]} 40. Rb2
{[%clk 0:01:10]} Rb4 {[%clk 0:02:02]} 41. Ke6 {[%clk 0:01:01]} Kc5
{[%clk 0:02:20]} 42. Ke5 {[%clk 0:01:14]} Kc4 {[%clk 0:02:28]} 43. Rf2
{[%clk 0:01:10]} b2 {[%clk 0:01:27]} 44. Rxf4+ {[%clk 0:01:33]} Kc5
{[%clk 0:01:54]} 45. Rf1 {[%clk 0:01:50]} b1=Q {[%clk 0:02:20]} 46. Rxb1
{[%clk 0:02:14]} Rxb1 {[%clk 0:02:47]} 47. Kd4+ 0-1

[Event "Portugal Open 2020"]
[Site "Lisboa POR"]
[Date "2020.01.29"]
[Round "6.35"]
[White "HULSHOF, Peter"]
[Black "MARTINS, Diogo"]
[Result "1-0"]
[BlackElo "1998"]
[WhiteElo "2192"]
[LiveChessVersion "1.4.8"]

1. e4 {[%clk 1:30:58]} c5 {[%clk 1:26:16]} 2. Nc3 {[%clk 1:31:16]} g6
{[%clk 1:26:04]} 3. g3 {[%clk 1:31:32]} Bg7 {[%clk 1:26:26]} 4. Bg2
{[%clk 1:31:55]} Nc6 {[%clk 1:26:45]} 5. d3 {[%clk 1:32:10]} d6 {[%clk 1:26:03]}
6. f4 {[%clk 1:32:19]} e6 {[%clk 1:25:37]} 7. Nf3 {[%clk 1:32:25]} Nge7
{[%clk 1:25:56]} 8. O-O {[%clk 1:32:45]} O-O {[%clk 1:26:19]} 9. Be3
{[%clk 1:32:44]} b6 {[%clk 1:24:53]} 10. Bf2 {[%clk 1:32:14]} d5 {[%clk 1:22:53]}
11. e5 {[%clk 1:32:05]} Rb8 {[%clk 1:07:52]} 12. Qd2 {[%clk 1:28:13]} d4
{[%clk 1:03:29]} 13. Ne4 {[%clk 1:26:57]} Nd5 {[%clk 1:03:48]} 14. Rae1
{[%clk 1:24:22]} Bb7 {[%clk 1:03:14]} 15. Nd6 {[%clk 1:11:30]} Ba8
{[%clk 1:03:19]} 16. Ng5 {[%clk 1:10:26]} Nce7 {[%clk 1:02:14]} 17. g4
{[%clk 1:08:47]} Qd7 {[%clk 1:00:05]} 18. Nde4 {[%clk 0:50:08]} h6
{[%clk 0:47:50]} 19. Nf3 {[%clk 0:48:43]} f5 {[%clk 0:39:19]} 20. exf6
{[%clk 0:48:11]} Nxf6 {[%clk 0:39:44]} 21. h3 {[%clk 0:36:24]} Nxe4
{[%clk 0:37:25]} 22. dxe4 {[%clk 0:36:26]} e5 {[%clk 0:37:11]} 23. f5
{[%clk 0:34:00]} g5 {[%clk 0:33:58]} 24. h4 {[%clk 0:34:10]} gxh4
{[%clk 0:33:38]} 25. Bxh4 {[%clk 0:34:31]} Nc8 {[%clk 0:31:03]} 26. g5
{[%clk 0:30:51]} hxg5 {[%clk 0:31:09]} 27. Qxg5 Bf6 1-0